书目信息 |
| 题名: |
怎样证明平面几何题
|
|
| 作者: | 赵凤石 , 时承权 编著 | |
| 分册: | ||
| 出版信息: | 哈尔滨 黑龙江科学技术出版社 1982 |
|
| 页数: | 179页 | |
| 开本: | 19cm | |
| 丛书名: | ||
| 单 册: | ||
| 中图分类: | O123.1-44 , O123.1 | |
| 科图分类: | ||
| 主题词: | 平面几何--解题 , 初等数学 | |
| 电子资源: | ||
| ISBN: | ||
| 000 | 00760nam0 2200277 45 | |
| 001 | 0182000826 | |
| 005 | 20040518110657.4 | |
| 010 | @dCNY0.56 | |
| 091 | @a13217.031 | |
| 100 | @a19950629d1982 demy0chiy0121 ea | |
| 101 | 0 | @achi |
| 102 | @aCN@b230000 | |
| 105 | @ay q 000yy | |
| 106 | @ar | |
| 200 | 10 | @a怎样证明平面几何题@Azen yang zheng ming ping mian ji he ti@f赵凤石,时承权编著 |
| 210 | @a哈尔滨@c黑龙江科学技术出版社@d1982 | |
| 215 | @a179页@d19cm | |
| 606 | @a平面几何@x解题 | |
| 606 | 0 | @a初等数学 |
| 690 | @aO123.1-44@v3 | |
| 690 | @aO123.1 | |
| 701 | 0 | @a赵凤石@Azhao feng shi@4编著 |
| 701 | 0 | @a时承权@Ashi cheng quan@4编著 |
| 801 | 0 | @aCN@b上海图书馆@c20040518 |
| 801 | 2 | @aCN@bNLC@c20040518 |
| 905 | @f1@b160849@dO123.1@e23 | |
| 怎样证明平面几何题/赵凤石,时承权编著.-哈尔滨:黑龙江科学技术出版社,1982 |
| 179页;19cm |
| ISBN :CNY0.56 |
| ● |
| 相关链接 |
|
|
|
|
正题名:怎样证明平面几何题
索取号:O123.1/23
 
预约/预借
| 序号 | 登录号 | 条形码 | 馆藏地/架位号 | 状态 | 备注 |
| 1 | 0160849 | 001243176 | 第三借阅区/ [索取号:O123.1/23] | 在馆 | |
| 2 | 0160850 | 202093028 | 第二样本阅览室/ [索取号:O123.1/23] | 在馆 |